书目信息 |
| 题名: |
二战美国海军陆战队单兵装备
|
|
| 作者: | 赫英斌 编著 | |
| 分册: | ||
| 出版信息: | 北京 台海出版社 2016 |
|
| 页数: | 345页 | |
| 开本: | 26cm | |
| 丛书名: | ||
| 单 册: | ||
| 中图分类: | E712.53 | |
| 科图分类: | ||
| 主题词: | 海军陆战队--单兵--武器装备--美国 | |
| 电子资源: | ||
| ISBN: | 978-7-5168-0918-1 | |
| 000 | 01212nam0 2200253 450 | |
| 001 | 012001002104 | |
| 005 | 20140926114740.0 | |
| 010 | @a978-7-5168-0918-1@dCNY99.80 | |
| 100 | @a20161213d2016 em y0chiy50 ea | |
| 101 | 0 | @achi |
| 102 | @aCN@b110000 | |
| 105 | @aa z 000yy | |
| 106 | @ar | |
| 200 | 1 | @a二战美国海军陆战队单兵装备@9er zhan mei guo hai jun lu zhan dui dan bing zhuang bei@e全面系统的二战美国海军陆战队单兵装备全纪录@f赫英斌编著 |
| 210 | @a北京@c台海出版社@d2016 | |
| 215 | @a345页@c图,彩图@d26cm | |
| 300 | @a指文图史系列 007 | |
| 330 | @a本书用图文并茂的方式,从美国海军陆战队的发展简史开始,详实地介绍了各类制服、武器装备、徽章标志,直到下属部队,对配属的海军部队与人员等也有描述。本书着重讲述了从一战到二战结束的时期里,美国海军陆战队从司令到士兵,普通部队到特种力量的个人装备、编制状况等,向读者全方位展示了二战太平洋战场上大放异彩的精锐部队。 | |
| 517 | 1 | @a全面系统的二战美国海军陆战队单兵装备全纪录@9quan mian xi tong de er zhan mei guo hai jun lu zhan dui dan bing zhuang bei quan ji lu |
| 606 | 0 | @a海军陆战队@x单兵@x武器装备@y美国 |
| 690 | @aE712.53@v5 | |
| 701 | 0 | @a赫英斌@9he ying bin@4编著 |
| 801 | 0 | @aCN@b上海新华@c20180901 |
| 905 | @b1157489-92@dE712.53@e101@f4 | |
| 二战美国海军陆战队单兵装备:全面系统的二战美国海军陆战队单兵装备全纪录/赫英斌编著.-北京:台海出版社,2016 |
| 345页:图,彩图;26cm |
| 指文图史系列 007 |
| ISBN 978-7-5168-0918-1:CNY99.80 |
| 本书用图文并茂的方式,从美国海军陆战队的发展简史开始,详实地介绍了各类制服、武器装备、徽章标志,直到下属部队,对配属的海军部队与人员等也有描述。本书着重讲述了从一战到二战结束的时期里,美国海军陆战队从司令到士兵,普通部队到特种力量的个人装备、编制状况等,向读者全方位展示了二战太平洋战场上大放异彩的精锐部队。 |
| ● |
| 相关链接 |
|
|
|
|
正题名:二战美国海军陆战队单兵装备
索取号:E712.53/101
 
预约/预借
| 序号 | 登录号 | 条形码 | 馆藏地/架位号 | 状态 | 备注 |
| 1 | 1157489 | 211574893 | 第一样本阅览室/ [索取号:E712.53/101] | 在馆 | |
| 2 | 1157490 | 211574900 | 第一借阅区/ [索取号:E712.53/101] | 在馆 | |
| 3 | 1157491 | 211574919 | 第一借阅区/ [索取号:E712.53/101] | 在馆 | |
| 4 | 1157492 | 211574928 | 第一借阅区/ [索取号:E712.53/101] | 在馆 |